000
00336nam a2200133Ia 4500
008
230312s9999||||xx |||||||||||||| ||und||
082
_a
610
_b
HAS-N
100
_a
حکیم محمد حسن قریشی
245
0
_a
نقوشِ طبّ
260
_b
قریشی پبلیکشنز
_a
pak
_c
2007
300
_a
937
650
_a
TIBB
942
_c
BK
999
_c
13796
_d
13796